| 000 | 00571cam a22001935a 4500 | ||
|---|---|---|---|
| 001 | ##J100974 | ||
| 008 | 000000s1932 000 0 eng u | ||
| 035 | _a(Sirsi) u100974 | ||
| 041 | 0 | _aeng | |
| 050 | 0 | 4 | _a333.0062 $2 18 |
| 110 | 2 |
_aAuctioneers' and Estate Agents' Institute of the United Kingdom _93789 |
|
| 245 | 0 | 0 |
_aCode of practice _b1932 |
| 250 | _a2nd ed. | ||
| 260 |
_aLondon _bAuctioneers' and Estate Agents' Institute of the United Kingdom _c1932 |
||
| 300 |
_a16p. _c22cm. |
||
| 651 | 4 |
_aUnited Kingdom _y |
|
| 690 |
_aAuctioneering _96218 |
||
| 942 | _n0 | ||
| 999 |
_c99960 _d99960 |
||